000 00508nam a2200193 a 4500
001 10926
003 CO-ViMGA
008 141112s2004 ck r 000 u spa d
020 _a95861700153
040 _aCO-ViMGA
_bspa
_cCO-ViMGA
082 0 4 _a104 S43a
100 1 _aSierra Mejía, Ruben
245 1 0 _aApreciación de la Filosofía Analítica
250 _a1
260 _aBogotá,
_cUniversidad Nacional de Bogotá,
_c1987
300 _a134 p.
650 1 4 _aFILOSOFIA ANALITICA
_98478
942 _2ddc
_cBK
999 _c22145
_d22145